| 000 | 02417nam a22003257a 4500 | ||
|---|---|---|---|
| 001 | 1515 | ||
| 005 | 20250530105949.0 | ||
| 020 | _a9789996305436 | ||
| 040 |
_aFISKH _beng _cFISKH _dFISKH |
||
| 082 | _a959.6 | ||
| 100 | _aMengcheang, Sungheng | ||
| 245 |
_aអាថ៍កំបាំងនៃអង្គរ / _bយើងទៅទស្សនាប្រាសាទអង្គរ : _cនិពន្ធដោយ ស៊ុនហេង ម៉េងឈាង - ហួត សារិទ្ធ - ឃួន វិច្ចិកា |
||
| 260 |
_aPhnom Penh : _bSipar, _c2021. |
||
| 300 |
_a51 pages : _bcolor illustrations ; _c20 cm |
||
| 490 | _aje voudrais savoir | ||
| 505 | _aZ' | ||
| 520 | _aក្រៅពីប្រាសាទអង្គរវត្ត និងបាយ័ននាំអ្នកអានទៅស្គាល់កន្លែងជាច្រើនក្នុងតំបន់បុរាណវិទ្យាអង្គរពីភ្នំគូលែនចុះក្រោម។ កន្លែងនីមួយៗផ្តល់ភស្តុតាងប្រវត្តិសាស្ត្រដើម្បីបង្ហាញពីកាតព្វកិច្ចនៃស្ថាបត្យកម្ម។ ជាងនេះទៅទៀត វាសង្ខេបអំពីការអភិរក្សប្រាសាទ និងការជីកកកាយប្រវត្តិសាស្ត្រ។ | ||
| 520 | _aBeside Angkor Wat and Bayon guides readers to know many places in Angkor Archaeological sites from Kulen mountain downwards. Each place provides historical evidence to show the duty of architecture. Moreover, it briefs about temple conservation and historical excavation. | ||
| 521 |
_a1000
_bLexile estimate |
||
| 521 |
_aZ'
_bRaz-Plus |
||
| 650 |
_aតំបន់បុរាណវិទ្យា _vភស្តុតាង _xស្ថាបត្យកម្ _yអភិរក្ស |
||
| 650 |
_aArchaeological _vEvidence _xArchitecture _yConservation |
||
| 700 |
_aSarith, Huot _cAuthor |
||
| 700 |
_aVichheka, Khuon _cAuthor |
||
| 700 |
_aSovanrith, Khun _cillustrator |
||
| 700 |
_aRotha, Ouk _cillustrator |
||
| 700 |
_aVisal, Seng _cillustrator |
||
| 700 |
_aVisoth, Seng _cillustrator |
||
| 942 |
_2ddc _cBK _n0 |
||
| 999 |
_c1515 _d1515 |
||